RICS Red Book Global Standards 2028 and IVS consultation survey (Record no. 122297)

MARC details
000 -LEADER
fixed length control field 01535nam a22002297a 4500
005 - DATE AND TIME OF LATEST TRANSACTION
control field 20260313143852.0
008 - FIXED-LENGTH DATA ELEMENTS--GENERAL INFORMATION
fixed length control field 260304t2026 xxk|||||o|||| 00| 0 eng d
041 ## - LANGUAGE CODE
Language code of text/sound track or separate title eng
110 ## - MAIN ENTRY--CORPORATE NAME
Corporate author Royal Institution of Chartered Surveyors
245 ## - TITLE STATEMENT
Title RICS Red Book Global Standards 2028 and IVS consultation survey
Medium [Electronic resource]
260 ## - PUBLICATION INFORMATION
Place of publication London,
Publisher Royal Institution of Chartered Surveyors,
Date February 2026
490 ## - SERIES TITLE
Series statement RICS Consultation
520 ## - ABSTRACT
Abstract This survey seeks member views on proposed changes to International Valuation Standards (IVS) (effective 31 January 2028), including the recently issued red-line versions and IVSC consultation questions (please refer to IVS Exposure Draft Consultation (2026))<br/><br/>The survey is intended to complement the IVSC consultation by gathering evidence on matters of particular relevance to RICS members and to inform:<br/>RICS’ response to the IVSC consultation; and<br/>the development of the next edition of the RICS Red Book Global Standards.<br/>Responses will be treated in confidence and may be used in anonymised form.<br/>This survey was carried out via surveymonkey<br/><br/>This survey closed on 13 March 2026.
650 ## - KEYWORDS
Keywords RED BOOK
650 ## - KEYWORDS
Keywords VALUATION
651 ## - SUBJECT ADDED ENTRY--GEOGRAPHIC NAME
Geographic name International
690 ## - BROAD SUBJECT
Broad subject Valuation
9 (RLIN) 6273
710 ## - ADDED CORPORATE NAME
Added corporate author Royal Institution of Chartered Surveyors
856 ## - ONLINE RESOURCE
Uniform Resource Identifier <a href="https://ivsc.org/wp-content/uploads/2026/01/IVS_effective-31-January-2028-Exposure-Draft-Final.pdf">https://ivsc.org/wp-content/uploads/2026/01/IVS_effective-31-January-2028-Exposure-Draft-Final.pdf</a>
Public note IVSC Exposure draft
856 ## - ONLINE RESOURCE
Uniform Resource Identifier <a href="https://www.surveymonkey.com/r/7PKGSYF">https://www.surveymonkey.com/r/7PKGSYF</a>
Public note Survey
942 ## - ADDED ENTRY ELEMENTS (KOHA)
Suppress in OPAC Do not suppress in OPAC
Holdings
Lost status Damaged status Not for loan Current library Shelving location Date acquired Total Checkouts Full call number Date last seen Price effective from Koha item type
      Virtual Online 04/03/2026   SURVEY 04/03/2026 04/03/2026 Online material